[Event "DVM U20w 2012"]
[Site "Osnabrück GER"]
[Date "2012.12.27"]
[Round "2"]
[White "Endress, Anna"]
[Black "Sonnhalter, Stella"]
[Result "1-0"]
[Termination "normal"]
[Board "1.1"]
[WhiteElo "2120"]
[BlackElo "1839"]
[WhiteTeam "TSV Schott Mainz"]
[BlackTeam "SC Reti Heusweiler"]
[WhiteFideId "24629472"]
[BlackFideId "4624815"]
[EventCountry "GER"]
[EventRounds "7"]
[EventType "team-swiss"]
[EventDate "2012.12.26"]

1. e4 c5 2. Nf3 Nc6 3. d4 cxd4 4. Nxd4 g6 5. Nc3 Bg7 6. Be3 Nf6 7. Bc4 O-O 8.
Bb3 Ng4 9. Qxg4 Bxd4 10. Bxd4 Nxd4 11. O-O-O Nxb3+ 12. axb3 d6 13. Qg5 f6 14.
Qd5+ Kg7 15. f4 Bd7 16. Qxb7 a5 17. e5 Rf7 18. exd6 exd6 19. Rxd6 Qe8 20. Nd5
Bf5 21. Qb6 Qe4 22. Qf2 Rc8 23. Nc3 Qa8 24. Rd4 Rfc7 25. Qd2 Qc6 26. Rg1 h5 27.
Rd6 Qc5 28. Qd4 Re8 29. Qxf6+ Kh7 30. Qd4 1-0

[Event "DVM U20w 2012"]
[Site "Osnabrück GER"]
[Date "2012.12.27"]
[Round "2"]
[White "Orhan, Eda"]
[Black "Frey, Alisa"]
[Result "0-1"]
[Termination "normal"]
[Board "1.2"]
[BlackTitle "FM"]
[WhiteElo "1741"]
[BlackElo "2039"]
[WhiteTeam "SC Reti Heusweiler"]
[BlackTeam "TSV Schott Mainz"]
[WhiteFideId "24659258"]
[BlackFideId "24634662"]
[EventCountry "GER"]
[EventRounds "7"]
[EventType "team-swiss"]
[EventDate "2012.12.26"]

1. d4 Nf6 2. Nf3 g6 3. c4 Bg7 4. Nc3 d5 5. e3 O-O 6. Bd3 c5 7. b3 Nc6 8. Bb2
Bg4 9. Be2 dxc4 10. dxc5 Qa5 11. O-O cxb3 12. Qxb3 Qxc5 13. Rac1 Be6 14. Qa3
Qxa3 15. Bxa3 Rfd8 16. Bb5 Rac8 17. Bxc6 Rxc6 18. Nd4 Ra6 19. Bxe7 Rd7 20. Nxe6
Rxe7 21. Nd4 Rc7 22. Rfd1 Ne8 23. Ndb5 Rc5 24. a4 Re6 25. Nd4 Rb6 26. Nce2 Rxc1
27. Rxc1 Rb4 28. a5 Ra4 29. Nb3 Ra3 30. Rb1 Nd6 31. g3 Kf8 32. Nc5 Rxa5 33.
Nxb7 Rb5 34. Rxb5 Nxb5 35. Kf1 Ke7 36. Ke1 Kd7 37. Kd2 Kc6 38. Na5+ Kb6 39.
Nc4+ Kc5 40. Kd3 Kb4 41. Nd4 Nxd4 42. exd4 a5 43. d5 a4 44. d6 a3 45. Nxa3 Kxa3
46. d7 Bf6 47. Ke4 Kb4 48. h4 Kc5 49. d8=Q Bxd8 50. Ke5 Kc6 51. Kf4 Kd5 52. f3
Ke6 53. Kg4 Ke5 54. h5 f5+ 0-1

[Event "DVM U20w 2012"]
[Site "Osnabrück GER"]
[Date "2012.12.27"]
[Round "2"]
[White "Schwarz, Larissa"]
[Black "Brühan, Caren"]
[Result "1/2-1/2"]
[Termination "normal"]
[Board "1.3"]
[WhiteElo "1893"]
[BlackElo "1627"]
[WhiteTeam "TSV Schott Mainz"]
[BlackTeam "SC Reti Heusweiler"]
[WhiteFideId "24699004"]
[BlackFideId "24691976"]
[EventCountry "GER"]
[EventRounds "7"]
[EventType "team-swiss"]
[EventDate "2012.12.26"]

1. e4 c5 2. Nf3 Nc6 3. d4 cxd4 4. Nxd4 g6 5. c4 Bg7 6. Be3 Nf6 7. Nc3 O-O 8.
Be2 Nxd4 9. Bxd4 d6 10. O-O Bd7 11. Qd2 Bc6 12. f3 Qc7 13. Rac1 Rfc8 14. Nd5
Bxd5 15. cxd5 Qd7 16. Qb4 a6 17. Bb6 Rxc1 18. Rxc1 Rc8 19. Bc4 Qe8 20. a4 Nd7
21. Be3 Ne5 22. b3 Rc7 23. Rd1 Qc8 24. Bb6 Rd7 25. f4 Nxc4 26. bxc4 h6 27. Rc1
e6 28. c5 exd5 29. exd5 dxc5 30. Rxc5 Qe8 31. Kf2 Bf8 32. Qd4 Bxc5 33. Bxc5 Qd8
34. d6 Qh4+ 35. Kf1 g5 36. g3 Qh3+ 37. Kg1 Qe6 38. Bb4 Qg6 39. Bc3 Qh7 40. Qe5
Kf8 41. Qc5 Qb1+ 42. Kg2 Qe4+ 43. Kf2 Qc6 44. Qd4 Rxd6 45. Bb4 Ke7 46. fxg5
hxg5 47. Qe5+ Kd7 48. Bxd6 Qxd6 49. Qf5+ Ke8 50. Qc8+ Qd8 51. Qxb7 Qd4+ 52. Kg2
Qxa4 53. Qc8+ Ke7 54. Qc5+ Kf6 55. Qd6+ Kg7 1/2-1/2

[Event "DVM U20w 2012"]
[Site "Osnabrück GER"]
[Date "2012.12.27"]
[Round "2"]
[White "Mehling, Franziska"]
[Black "Hoffmann, Hanna Dorina"]
[Result "1/2-1/2"]
[Termination "normal"]
[Board "2.2"]
[WhiteElo "1708"]
[BlackElo "1603"]
[WhiteTeam "SpVgg Stetten"]
[BlackTeam "Dortmunder Schachverein 1875"]
[WhiteFideId "12900133"]
[BlackFideId "12909858"]
[EventCountry "GER"]
[EventRounds "7"]
[EventType "team-swiss"]
[EventDate "2012.12.26"]

1. d4 d5 2. c4 c6 3. Nf3 Nf6 4. Nc3 e6 5. e3 Nbd7 6. b3 Bb4 7. Bd2 Qa5 8. Qc2
dxc4 9. bxc4 O-O 10. Bd3 Re8 11. O-O Qh5 12. Ne4 Bxd2 13. Nfxd2 e5 14. Ng3 Qh6
15. Nde4 Nxe4 16. Nxe4 exd4 17. exd4 f5 18. Ng3 f4 19. Nf5 Qh5 20. Nd6 Rf8 21.
Bf5 Nb6 22. Nxc8 Nxc8 23. Be4 Nd6 24. Bf3 Qg5 25. Rfe1 Rae8 26. c5 Nf5 27. Qc3
Nh4 28. Rxe8 Rxe8 29. Kf1 Nxf3 30. Qxf3 Qf6 1/2-1/2

[Event "DVM U20w 2012"]
[Site "Osnabrück GER"]
[Date "2012.12.27"]
[Round "2"]
[White "Finke, Lara"]
[Black "Bosse, Lea"]
[Result "1/2-1/2"]
[Termination "normal"]
[Board "2.3"]
[WhiteElo "1673"]
[BlackElo "1612"]
[WhiteTeam "Dortmunder Schachverein 1875"]
[BlackTeam "SpVgg Stetten"]
[WhiteFideId "12909874"]
[BlackFideId "12900419"]
[EventCountry "GER"]
[EventRounds "7"]
[EventType "team-swiss"]
[EventDate "2012.12.26"]

1. e4 e6 2. d4 d5 3. exd5 exd5 4. Nf3 Bd6 5. Bd3 Ne7 6. O-O Nbc6 7. c3 Bg4 8.
Nbd2 Qd7 9. Qb3 O-O-O 10. a4 Rde8 11. a5 Ng6 12. Qc2 Nf4 13. Nh4 Nxd3 14. Qxd3
Be2 15. Qb1 Bxf1 16. Nxf1 Re4 17. Nf3 Qg4 18. Ne3 Qh5 19. b4 Bf4 20. b5 Ne7 21.
b6 cxb6 22. axb6 a6 23. Ra5 Re6 24. c4 Bxe3 25. Bxe3 Qg6 26. Qb3 Rxb6 27. Qc3
dxc4 28. Qxc4+ Rc6 29. Qb4 Qd6 30. Qd2 f6 31. Bf4 Qd7 32. d5 Rb6 33. Rc5+ Nc6
34. dxc6 1/2-1/2

[Event "DVM U20w 2012"]
[Site "Osnabrück GER"]
[Date "2012.12.27"]
[Round "2"]
[White "Schneider, Jana"]
[Black "Büttner, Sarah"]
[Result "1-0"]
[Termination "normal"]
[Board "2.4"]
[WhiteElo "1652"]
[BlackElo "1461"]
[WhiteTeam "SpVgg Stetten"]
[BlackTeam "Dortmunder Schachverein 1875"]
[WhiteFideId "12924997"]
[BlackFideId "12909866"]
[EventCountry "GER"]
[EventRounds "7"]
[EventType "team-swiss"]
[EventDate "2012.12.26"]

1. e4 e5 2. Nf3 Nc6 3. Bc4 Bc5 4. c3 Bb6 5. O-O Nf6 6. Re1 O-O 7. Bb3 d6 8. h3
h6 9. d3 a6 10. Nbd2 Ba7 11. Nf1 b5 12. d4 Bb7 13. Ng3 Re8 14. Qd3 Re7 15. Nf5
Rd7 16. N3h4 Ne7 17. Qg3 Nxf5 18. Nxf5 Nh5 19. Qg4 1-0

[Event "DVM U20w 2012"]
[Site "Osnabrück GER"]
[Date "2012.12.27"]
[Round "2"]
[White "Schulz, Anja"]
[Black "Wilke, Tabea"]
[Result "1-0"]
[Termination "normal"]
[Board "3.1"]
[WhiteElo "2076"]
[BlackElo "1430"]
[WhiteTeam "SC Ladja Roßdorf"]
[BlackTeam "SC 1979 Hattersheim"]
[WhiteFideId "24647845"]
[BlackFideId "12910015"]
[EventCountry "GER"]
[EventRounds "7"]
[EventType "team-swiss"]
[EventDate "2012.12.26"]

1. e4 c5 2. Nf3 Nc6 3. d4 cxd4 4. Nxd4 Nf6 5. Nc3 e5 6. Ndb5 d6 7. Bg5 a6 8.
Na3 b5 9. Nd5 Be7 10. Bxf6 Bxf6 11. c3 Bg5 12. Nc2 Rb8 13. Nce3 O-O 14. Be2 Ne7
15. O-O f5 16. Nxe7+ Qxe7 17. Nd5 Qd8 18. Bf3 Kh8 19. Qd3 a5 20. Rad1 f4 21. b4
a4 22. Rc1 Ba6 23. Rfd1 Rf7 24. Qc2 Rc8 25. Rb1 g6 26. Bg4 Rc6 27. Be2 Rb7 28.
c4 Rb8 29. c5 h5 30. Qb2 Be7 31. Nxf4 Qf8 32. Nxg6+ 1-0

[Event "DVM U20w 2012"]
[Site "Osnabrück GER"]
[Date "2012.12.27"]
[Round "2"]
[White "Rosmanitz, Anna"]
[Black "Tran, My Linh"]
[Result "0-1"]
[Termination "normal"]
[Board "3.2"]
[WhiteElo "1606"]
[BlackElo "2031"]
[WhiteTeam "SC 1979 Hattersheim"]
[BlackTeam "SC Ladja Roßdorf"]
[WhiteFideId "12910058"]
[BlackFideId "24682462"]
[EventCountry "GER"]
[EventRounds "7"]
[EventType "team-swiss"]
[EventDate "2012.12.26"]

1. e4 e5 2. Nf3 Nc6 3. Bb5 Nge7 4. d3 g6 5. Bg5 Bg7 6. Qd2 h6 7. Be3 a6 8. Ba4
b5 9. Bb3 g5 10. Nc3 d6 11. O-O Na5 12. Ne2 Nxb3 13. axb3 O-O 14. Ng3 d5 15. d4
exd4 16. Nxd4 c5 17. Nxb5 d4 18. Bxg5 hxg5 19. Qxg5 Bb7 20. Nh5 Ng6 21. Qxd8
Raxd8 22. Nc7 Bxe4 23. Nxa6 Bxc2 24. Nxc5 Rd5 25. Ra5 Rxh5 26. b4 Rd5 27. Rc1
d3 28. Nxd3 Rxd3 29. g3 Rd1+ 30. Rxd1 Bxd1 31. b5 Rb8 32. Kf1 Bxb2 0-1

[Event "DVM U20w 2012"]
[Site "Osnabrück GER"]
[Date "2012.12.27"]
[Round "2"]
[White "Schmalhorst, Sophia"]
[Black "Goldhausen, Nina"]
[Result "1-0"]
[Termination "normal"]
[Board "3.3"]
[WhiteElo "1914"]
[BlackElo "1093"]
[WhiteTeam "SC Ladja Roßdorf"]
[BlackTeam "SC 1979 Hattersheim"]
[WhiteFideId "24682497"]
[BlackFideId "12927309"]
[EventCountry "GER"]
[EventRounds "7"]
[EventType "team-swiss"]
[EventDate "2012.12.26"]

1. e4 e5 2. Nf3 Nc6 3. Bc4 Bc5 4. d3 Nf6 5. c3 d6 6. Bb3 O-O 7. Nbd2 Ne7 8. d4
exd4 9. cxd4 Bb6 10. h3 c6 11. O-O h6 12. Re1 Re8 13. Nc4 Bc7 14. e5 dxe5 15.
Ncxe5 Ned5 16. Bd2 Be6 17. Bc3 Bd6 18. Qc2 Rc8 19. Rad1 b5 20. Rc1 Bb4 21. Bxb4
Nxb4 22. Qd2 Bxb3 23. Qxb4 Bd5 24. Qd2 Ne4 25. Qd3 Nf6 26. a3 Bc4 27. Nxc4
Rxe1+ 28. Rxe1 bxc4 29. Qxc4 Qd6 30. Qc5 Qxc5 31. dxc5 Nd7 32. b4 f6 33. Re7
Rc7 34. Nd4 Kf8 35. Re6 1-0

[Event "DVM U20w 2012"]
[Site "Osnabrück GER"]
[Date "2012.12.27"]
[Round "2"]
[White "Heyd, Julia"]
[Black "Görisch, Annika"]
[Result "1-0"]
[Termination "normal"]
[Board "3.4"]
[WhiteElo "885"]
[BlackElo "825"]
[WhiteTeam "SC 1979 Hattersheim"]
[BlackTeam "SC Ladja Roßdorf"]
[WhiteFideId "12927317"]
[EventCountry "GER"]
[EventRounds "7"]
[EventType "team-swiss"]
[EventDate "2012.12.26"]

1. e4 e5 2. Nf3 Nc6 3. Bc4 g6 4. Nc3 Bg7 5. d3 Nge7 6. Bg5 d6 7. O-O O-O 8. Qd2
Bg4 9. Qe3 Qd7 10. Ne2 a6 11. Ng3 Nb4 12. Rac1 b5 13. Bb3 a5 14. c3 Na6 15. a3
a4 16. Ba2 h6 17. Bxh6 Bxf3 18. gxf3 Nc5 19. d4 Nb3 20. Bxb3 axb3 21. Qg5 Kh7
22. Bxg7 Kxg7 23. Nh5+ Kh7 24. Nf6+ Kg7 25. Nxd7 Rfd8 26. Nf6 1-0

[Event "DVM U20w 2012"]
[Site "Osnabrück GER"]
[Date "2012.12.27"]
[Round "2"]
[White "Bachem, Sabrina"]
[Black "Kaden, Romy"]
[Result "1/2-1/2"]
[Termination "normal"]
[Board "4.1"]
[WhiteElo "1408"]
[BlackElo "1628"]
[WhiteTeam "TTC Grün-Weiß Fritzdorf"]
[BlackTeam "Chemnitzer SC Aufbau"]
[BlackFideId "12931616"]
[EventCountry "GER"]
[EventRounds "7"]
[EventType "team-swiss"]
[EventDate "2012.12.26"]

1. e4 c5 2. Nf3 d6 3. d4 cxd4 4. Nxd4 Nf6 5. Nc3 a6 6. Be2 e6 7. O-O b5 8. Be3
Bb7 9. Qd3 Nbd7 10. Bf3 Nc5 11. Qe2 Ncxe4 12. Nxe4 Bxe4 13. Bxe4 Nxe4 14. Qf3
d5 15. Nb3 Qc7 16. Rac1 Bd6 17. h3 Rc8 18. Nd2 Nf6 19. Rfe1 O-O 20. Bg5 Be7 21.
Bf4 Bd6 22. Bg5 Be7 23. Bf4 Qc6 24. Be5 Nd7 25. Bf4 Bf6 26. c3 a5 27. Nb3 Qa6
28. Qg4 b4 29. Re3 bxc3 30. bxc3 Kh8 31. Qg3 a4 32. Nd2 Rfe8 33. Rf3 e5 34. Bg5
Rc6 35. Bxf6 Rxf6 36. Qg4 Qc6 37. Re1 e4 38. Rxf6 Nxf6 39. Qg3 Rc8 40. Re3 Qc7
41. Qxc7 Rxc7 42. f3 exf3 43. Rxf3 h6 44. Re3 Kg8 45. Kf2 Kf8 46. g3 Re7 47. a3
Rxe3 48. Kxe3 Ke7 49. Kd4 Kd6 50. c4 Kc6 51. Nf3 dxc4 52. Ne5+ Kb5 53. Nxc4 Ne8
54. Ne3 Nd6 55. Kd5 Ne8 56. Kd4 1/2-1/2

[Event "DVM U20w 2012"]
[Site "Osnabrück GER"]
[Date "2012.12.27"]
[Round "2"]
[White "Nitzsche, Pia"]
[Black "Bachem, Lisa"]
[Result "1/2-1/2"]
[Termination "normal"]
[Board "4.2"]
[WhiteElo "1543"]
[BlackElo "1541"]
[WhiteTeam "Chemnitzer SC Aufbau"]
[BlackTeam "TTC Grün-Weiß Fritzdorf"]
[WhiteFideId "12900370"]
[BlackFideId "12909912"]
[EventCountry "GER"]
[EventRounds "7"]
[EventType "team-swiss"]
[EventDate "2012.12.26"]

1. c4 e5 2. Nc3 Nc6 3. Nf3 d6 4. d3 Be7 5. g3 Nf6 6. Bg2 O-O 7. O-O Be6 8. a3
a5 9. Rb1 d5 10. cxd5 Nxd5 11. Bd2 f6 12. Rc1 Ra6 13. Ne1 Qd7 14. Nc2 Na7 15.
Ne3 Nxc3 16. Bxc3 Rb8 17. Re1 Nb5 18. Qd2 a4 19. Bb4 Nd4 20. Qc3 Bxb4 21. Qxb4
Rb6 22. Qc3 Rc8 23. Nc4 Rb3 24. Qd2 Qb5 25. e3 Nf5 26. Rc3 Rxc3 27. Qxc3 Rd8
28. Re2 b6 29. Rc2 Qd7 30. Rd2 Ne7 31. b4 axb3 32. Nb2 b5 33. Rd1 Nd5 34. Qc5
Qd6 35. Rc1 Qxc5 36. Rxc5 Rd7 37. Rxb5 Nb6 38. Bf1 Bd5 39. Nd1 Rd6 40. Nc3 Bf7
41. Ne4 Rd8 42. Nd2 Ra8 43. Nxb3 Rxa3 44. Nd2 Rc3 45. Rb4 g6 46. Ne4 Rc6 47.
Bg2 Rc1+ 48. Bf1 Kg7 49. Rb5 Nd5 50. Rc5 Ra1 51. Kg2 Ra2 52. Kg1 h6 53. Rc6 Be8
54. Rc5 1/2-1/2

[Event "DVM U20w 2012"]
[Site "Osnabrück GER"]
[Date "2012.12.27"]
[Round "2"]
[White "Sturm, Johanna"]
[Black "Fischer, Franziska"]
[Result "0-1"]
[Termination "normal"]
[Board "4.3"]
[WhiteElo "1616"]
[BlackElo "1561"]
[WhiteTeam "TTC Grün-Weiß Fritzdorf"]
[BlackTeam "Chemnitzer SC Aufbau"]
[WhiteFideId "12909904"]
[BlackFideId "12924199"]
[EventCountry "GER"]
[EventRounds "7"]
[EventType "team-swiss"]
[EventDate "2012.12.26"]

1. e4 c6 2. Nf3 d5 3. exd5 cxd5 4. d4 Nc6 5. Be3 Bf5 6. c3 e6 7. Nbd2 Nf6 8.
Nh4 Bg6 9. Nxg6 hxg6 10. Nf3 Bd6 11. Bd3 Qc7 12. h3 O-O-O 13. Rc1 Nh5 14. a3
Nf4 15. Bxf4 Bxf4 16. Rc2 Qe7 17. b4 g5 18. c4 Kb8 19. b5 Na5 20. c5 g4 21. Ne5
gxh3 22. g3 Bxe5 23. dxe5 Rc8 24. c6 bxc6 25. bxc6 Rxc6 26. Rxc6 Nxc6 27. Qb3+
Qb7 28. Qxb7+ Kxb7 29. f4 Kb6 30. Kd2 Nd4 31. Kc3 Kc5 32. Bf1 h2 33. Bd3 Rh3
34. a4 a5 35. g4 Ne2+ 0-1

[Event "DVM U20w 2012"]
[Site "Osnabrück GER"]
[Date "2012.12.27"]
[Round "2"]
[White "Hartewig, Anja"]
[Black "Jentsch, Jasmin"]
[Result "1/2-1/2"]
[Termination "normal"]
[Board "4.4"]
[WhiteElo "1823"]
[BlackElo "1324"]
[WhiteTeam "Chemnitzer SC Aufbau"]
[BlackTeam "TTC Grün-Weiß Fritzdorf"]
[WhiteFideId "12917966"]
[BlackFideId "12909920"]
[EventCountry "GER"]
[EventRounds "7"]
[EventType "team-swiss"]
[EventDate "2012.12.26"]

1. d4 d5 2. c4 e6 3. Nf3 Nf6 4. g3 Be7 5. Bg2 O-O 6. O-O b6 7. Nbd2 c6 8. Ne5
Bb7 9. b3 Nbd7 10. Ndf3 Rc8 11. Bb2 c5 12. Re1 a5 13. Rc1 Re8 14. Qc2 h6 15.
Nxd7 Nxd7 16. Nd2 Nf6 17. Qb1 Rc7 18. dxc5 Bxc5 19. e4 Bb4 20. Bc3 Bxc3 21.
Rxc3 d4 22. Rcc1 e5 23. b4 Qa8 24. c5 b5 25. bxa5 Qxa5 26. Nb3 Qa7 27. f4 Nd7
28. fxe5 Nxc5 29. Red1 Rec8 30. Kf1 Nxb3 31. Rxc7 Rxc7 32. Qxb3 Qc5 33. e6 Re7
34. exf7+ Rxf7+ 35. Ke2 Qh5+ 36. g4 Qxh2 37. Qh3 Qxh3 38. Bxh3 Re7 39. Rxd4
Rxe4+ 40. Rxe4 Bxe4 41. Ke3 Bg6 42. Bf1 Bf7 43. a3 Be8 44. Kd4 g6 45. Ke5 Kf7
46. Be2 Ke7 47. Bf1 Bd7 48. Be2 Be8 49. Bf1 h5 50. gxh5 gxh5 51. Kf5 Kd6 52.
Kg5 Kc5 53. Be2 Kb6 54. Kh4 Ka5 55. Kg5 Ka4 56. Kh4 Bc6 57. Kxh5 Bf3+ 58. Bxf3
Kxa3 59. Be4 1/2-1/2

[Event "DVM U20w 2012"]
[Site "Osnabrück GER"]
[Date "2012.12.27"]
[Round "2"]
[White "Reck, Jessica"]
[Black "Nguyen Minh, Thuy"]
[Result "0-1"]
[Termination "normal"]
[Board "5.1"]
[WhiteElo "1288"]
[BlackElo "1962"]
[WhiteTeam "SG Blau-Weiß 1948 Leegebruch"]
[BlackTeam "USG Chemnitz"]
[WhiteFideId "12917931"]
[BlackFideId "24672688"]
[EventCountry "GER"]
[EventRounds "7"]
[EventType "team-swiss"]
[EventDate "2012.12.26"]

1. d4 Nf6 2. Nf3 e6 3. Bg5 Be7 4. c4 b6 5. e3 Bb7 6. Nbd2 c5 7. Qc2 d6 8. O-O-O
Nbd7 9. Kb1 a5 10. a4 Bc6 11. b3 Ng4 12. Bxe7 Qxe7 13. Rg1 Nxf2 14. Re1 f5 15.
Bd3 Nxd3 16. Qxd3 Nf6 17. h3 Be4 18. Nxe4 fxe4 19. Qe2 exf3 20. Qxf3 O-O 21.
Rgf1 e5 22. d5 e4 23. Qf5 Rae8 24. Qf2 Nxd5 25. Qd2 Nb4 26. Qc3 Nd3 27. Rd1 Qe5
28. Qxe5 Rxe5 29. Rxf8+ Kxf8 30. Rf1+ Ke7 31. Kc2 Re6 32. Kd2 Rf6 33. Rxf6 gxf6
34. Ke2 f5 35. Kd2 Ke6 36. Kc2 Ne1+ 37. Kd2 Nxg2 38. Ke2 f4 39. exf4 Nxf4+ 40.
Ke3 Ke5 0-1

[Event "DVM U20w 2012"]
[Site "Osnabrück GER"]
[Date "2012.12.27"]
[Round "2"]
[White "Blübaum, Johanna"]
[Black "Reyher, Susan"]
[Result "1-0"]
[Termination "normal"]
[Board "5.2"]
[WhiteElo "1930"]
[BlackElo "1332"]
[WhiteTeam "USG Chemnitz"]
[BlackTeam "SG Blau-Weiß 1948 Leegebruch"]
[WhiteFideId "24647373"]
[BlackFideId "24686107"]
[EventCountry "GER"]
[EventRounds "7"]
[EventType "team-swiss"]
[EventDate "2012.12.26"]

1. d4 d5 2. c4 dxc4 3. e4 Nf6 4. Nc3 e6 5. Bxc4 Nbd7 6. Bg5 Be7 7. Nf3 a6 8.
O-O b5 9. Bb3 Bb7 10. Re1 O-O 11. e5 Nd5 12. Nxd5 Bxd5 13. Bxd5 exd5 14. Bxe7
Qxe7 15. Rc1 Rfc8 16. Rc6 Nf8 17. Qc2 Ne6 18. Rc1 Qb4 19. a3 Qe7 20. Qb3 Rd8
21. Qe3 Rdb8 22. g3 Rd8 23. Nh4 b4 24. Nf5 Qf8 25. f4 a5 26. Qd3 Rdb8 27. Ne3
Qd8 28. a4 Qd7 29. f5 Ng5 30. Qb3 Nf3+ 31. Kg2 Nxd4 32. Qxd5 Qxd5+ 33. Nxd5
Nxc6 34. Rxc6 Rd8 35. Ne7+ Kf8 36. Rxc7 Rd2+ 37. Kh3 Rxb2 38. Nd5 Re2 39. Nb6
Re8 40. Ra7 b3 41. Rxa5 b2 42. Rb5 Kg8 43. Nc4 h6 44. a5 h5 45. a6 Rc8 46. a7
Ra8 47. Rb8+ Rxb8 48. axb8=Q+ Kh7 49. Nxb2 Kh6 50. Qb6+ g6 51. fxg6 fxg6 52. e6
Kg5 53. Qc5+ Kf6 54. Qf8+ Kg5 55. e7 Re3 56. Qf4# 1-0

[Event "DVM U20w 2012"]
[Site "Osnabrück GER"]
[Date "2012.12.27"]
[Round "2"]
[White "Sauer, Annika"]
[Black "Oltmanns, Bianca"]
[Result "0-1"]
[Termination "normal"]
[Board "5.3"]
[WhiteElo "1341"]
[BlackElo "1705"]
[WhiteTeam "SG Blau-Weiß 1948 Leegebruch"]
[BlackTeam "USG Chemnitz"]
[WhiteFideId "12952052"]
[BlackFideId "24698008"]
[EventCountry "GER"]
[EventRounds "7"]
[EventType "team-swiss"]
[EventDate "2012.12.26"]

1. d4 f5 2. Bf4 Nf6 3. c4 e6 4. Nc3 Be7 5. e3 O-O 6. Nf3 b6 7. Be2 Bb7 8. O-O
d6 9. Ng5 Qd7 10. Bf3 Nc6 11. d5 Nd8 12. dxe6 Qc8 13. Bxb7 Qxb7 14. Nd5 Re8 15.
Qf3 g6 16. Nxf6+ Bxf6 17. Qxb7 Nxb7 18. Rab1 Nc5 19. b4 Nxe6 20. Nxe6 Rxe6 21.
Rfe1 Rae8 22. Rbc1 g5 23. Bxg5 Bxg5 24. Kf1 Re4 25. a3 Bf6 26. Rc2 Kf7 27. c5
dxc5 28. bxc5 b5 29. c6 Rd8 30. Rc5 Re5 31. Rxe5 Bxe5 32. f4 Bf6 33. h3 a6 34.
g4 fxg4 35. hxg4 Rd6 36. g5 Bg7 37. Rc1 Bb2 38. Rc5 Bxa3 39. Rf5+ Kg6 0-1

[Event "DVM U20w 2012"]
[Site "Osnabrück GER"]
[Date "2012.12.27"]
[Round "2"]
[White "Scheibe, Lydia"]
[Black "Wolff, Marie Antoinette"]
[Result "0-1"]
[Termination "normal"]
[Board "5.4"]
[WhiteElo "1105"]
[BlackElo "1130"]
[WhiteTeam "USG Chemnitz"]
[BlackTeam "SG Blau-Weiß 1948 Leegebruch"]
[BlackFideId "12908258"]
[EventCountry "GER"]
[EventRounds "7"]
[EventType "team-swiss"]
[EventDate "2012.12.26"]

1. e4 c5 2. Nf3 Nc6 3. Bc4 g6 4. d3 Bg7 5. Ng5 e6 6. Be3 Bxb2 7. Nd2 Bg7 8. Rb1
Nge7 9. Bxc5 b6 10. Bd6 Bb7 11. Ndf3 O-O 12. Qd2 Rc8 13. Nh3 Na5 14. Bb3 Bc3
15. Ba4 Bxd2+ 16. Nxd2 Bc6 17. Bxc6 Rxc6 18. Bxe7 Qxe7 19. c4 d5 20. Rc1 dxc4
21. dxc4 Qb4 22. Rb1 Qc3 23. Nf4 Nxc4 24. Rd1 Nxd2 25. Rxd2 Rd6 26. Nd5 exd5
27. Ke2 Qc4+ 28. Ke3 dxe4 0-1

[Event "DVM U20w 2012"]
[Site "Osnabrück GER"]
[Date "2012.12.27"]
[Round "2"]
[White "Evers, Annika"]
[Black "Dannert, Katrin"]
[Result "1-0"]
[Termination "normal"]
[Board "6.1"]
[WhiteElo "1794"]
[BlackElo "1460"]
[WhiteTeam "SC Leipzig-Lindenau"]
[BlackTeam "SV Lingen"]
[WhiteFideId "24691933"]
[EventCountry "GER"]
[EventRounds "7"]
[EventType "team-swiss"]
[EventDate "2012.12.26"]

1. d4 d5 2. Nf3 Nf6 3. e3 e6 4. Bd3 c5 5. b3 Nc6 6. O-O Bd6 7. Bb2 Qc7 8. c4
cxd4 9. exd4 O-O 10. c5 Be7 11. a3 b6 12. b4 a5 13. b5 Na7 14. c6 Bd6 15. Nbd2
Re8 16. Ne5 Kh8 17. a4 Ng8 18. Re1 f6 19. Qh5 g6 20. Nxg6+ Kg7 21. Nh4 Kf8 22.
Ndf3 Re7 23. Bc1 Rf7 24. Bh6+ Ke8 25. Bd2 Kd8 26. Re2 Ke8 27. Bxh7 1-0

[Event "DVM U20w 2012"]
[Site "Osnabrück GER"]
[Date "2012.12.27"]
[Round "2"]
[White "Edel, Fenja"]
[Black "Spangenberg, Romy"]
[Result "0-1"]
[Termination "normal"]
[Board "6.2"]
[WhiteElo "1635"]
[BlackElo "1765"]
[WhiteTeam "SV Lingen"]
[BlackTeam "SC Leipzig-Lindenau"]
[WhiteFideId "24696749"]
[BlackFideId "4627997"]
[EventCountry "GER"]
[EventRounds "7"]
[EventType "team-swiss"]
[EventDate "2012.12.26"]

1. d4 d5 2. Nf3 Nf6 3. e3 Bf5 4. c4 c6 5. Nc3 e6 6. Qb3 Qc7 7. Be2 Nbd7 8. O-O
dxc4 9. Bxc4 Nb6 10. Re1 Nxc4 11. Qxc4 Ne4 12. Nxe4 Bxe4 13. Nd2 Bg6 14. e4 Bd6
15. e5 Be7 16. Ne4 Bxe4 17. Rxe4 O-O 18. Rg4 Rfd8 19. Bh6 Bf8 20. Rd1 Qxe5 21.
Bg5 Qf5 22. Rg3 Bd6 23. Bxd8 Bxg3 24. fxg3 Rxd8 25. Rd3 c5 26. Rf3 Qd5 27. Qxc5
Qxd4+ 28. Qxd4 Rxd4 29. Rb3 b6 30. Rc3 Kf8 31. Rc8+ Ke7 32. Rc7+ Rd7 33. Rxd7+
Kxd7 34. Kf2 Kd6 35. Ke3 Kd5 36. Kd3 e5 37. Ke3 f5 38. Kd3 g5 39. Ke3 f4+ 40.
gxf4 gxf4+ 41. Kd3 e4+ 42. Ke2 Kd4 43. Kd2 h5 44. Ke2 e3 45. h4 b5 46. Kd1 Kd3
0-1

[Event "DVM U20w 2012"]
[Site "Osnabrück GER"]
[Date "2012.12.27"]
[Round "2"]
[White "Möller, Hannah"]
[Black "Knöchel, Sarah"]
[Result "1-0"]
[Termination "normal"]
[Board "6.4"]
[WhiteElo "1339"]
[BlackElo "1249"]
[WhiteTeam "SV Lingen"]
[BlackTeam "SC Leipzig-Lindenau"]
[WhiteFideId "1270514"]
[EventCountry "GER"]
[EventRounds "7"]
[EventType "team-swiss"]
[EventDate "2012.12.26"]

1. c4 e5 2. Nc3 Nc6 3. g3 Bc5 4. Bg2 Nf6 5. e3 d6 6. Nge2 Be6 7. d4 exd4 8.
exd4 Bxc4 9. dxc5 dxc5 10. Qxd8+ Rxd8 11. O-O O-O 12. Bg5 Rd6 13. Rfe1 h6 14.
Bxf6 Rxf6 15. b3 Be6 16. Ne4 Rf5 17. Rac1 c4 18. bxc4 Nb4 19. a3 Nd3 20. Nd4
Ra5 21. Nxe6 fxe6 22. Red1 Nxc1 23. Rxc1 Rxa3 24. Nc5 b6 25. Nxe6 Rf7 26. Nf4
a5 27. Bd5 a4 28. Bxf7+ Kxf7 29. Nd5 c5 30. Nxb6 Ra2 31. Kg2 Ke7 32. Kf3 a3 33.
Na4 Kd6 34. Ke3 g6 35. h4 Kc6 36. Nc3 Rb2 37. Ra1 Rb3 38. Kd3 Kd6 39. Ra2 Ke5
40. Kc2 Rb4 41. Rxa3 Rxc4 42. Ra4 Rxa4 43. Nxa4 Kd4 44. Kd2 c4 45. f3 g5 46.
hxg5 hxg5 47. Nc3 Ke5 48. Ke3 Kf5 49. f4 gxf4+ 50. gxf4 Kf6 51. Ke4 Ke6 52. f5+
Kf6 53. Kf4 Kf7 54. Ke5 Ke7 55. f6+ Kf7 56. Kf5 Kf8 57. Ke6 Ke8 58. f7+ Kf8 59.
Nd5 c3 60. Nxc3 Kg7 1-0